000 00571cam a22002052a 4500
001 017122
003 AR-FADEU
008 311216n1975####xxu####################dd
092 _a371.3
_bM545
_eBLYNK
100 _aMenin, Ovide
245 _aGrupos de estudios : estructura dinámica y apreciación posible
260 _aBuenos Aires
260 _bAxis
260 _c1975
300 _a160 p
440 _aAportes de teoría y práctica de la educación
_n2
500 _aIncluye bibliografía
650 _aTECNICAS DE ESTUDIO; GRUPOS/BLYNK/
942 _cBLYNK
999 _c22873
_d22873